| 000 | 00566nam a22001937a 4500 | ||
|---|---|---|---|
| 001 | 2488 | ||
| 003 | BD-RjUL | ||
| 005 | 20211208233549.0 | ||
| 008 | 131211r19631960us ||||| |||| 00| 0 eng d | ||
| 035 | _a(BD-RjUL) | ||
| 040 |
_aBD-RjUL _beng _cBD-RjUL |
||
| 041 | _aeng | ||
| 082 |
_a332.710973 _bMUA |
||
| 100 |
_a Murray ,William G _qWilliam G Murray _98060 |
||
| 245 | _aAgricultural finance; principles and practice of farm credit/ | ||
| 260 |
_aU.S.A _bIowa State College Press, _cc1960 [Printed 1963] |
||
| 300 |
_a x, 486p. : _billus., _c24 cm. |
||
| 942 |
_2ddc _cBK |
||
| 999 |
_c2488 _d2488 |
||